| 000 | 00608nam a2200181Ia 4500 | ||
|---|---|---|---|
| 008 | 100920s9999 xx 000 0 und d | ||
| 082 |
_b24539 _a891.463.1 थ 30 |
||
| 100 | _aदातार गोविंद नारायण. | ||
| 245 | _aचतुर माधवराव. | ||
| 260 |
_bदातार गो.ना. , रत्नागिरी. _c1930 |
||
| 300 |
_a181 _bसाधी |
||
| 365 | _b1.5 | ||
| 520 | _aलघुकथा. | ||
| 630 | _aचतुर माधवराव. | ||
| 650 | _aलघुकथा. | ||
| 730 | _aचतुर माधवराव. | ||
| 942 | _cBOOK | ||
| 999 |
_c682879 _d682876 |
||